000
00335nam a22001097a 4500
999
_c
13437
_d
13437
082
_a
297.002
100
_a
حضرت مولانا محمّد یوسف لدھیانوی شہید
245
_a
سیرت عمر بن عبدالعزیز رحہ
260
_a
کراچی
_b
مکتبہ لدھیانوی
_c
1996
300
_a
192 pages
942
_c
BK